[Event "Challenge"]
[Site "http://www.queenalice.com/game.php?id=399255"]
[Date "2008.5.7"]
[Round "-"]
[White "Tanatos"]
[Black "danielsaraujo"]
[Result "0-1"]
[WhiteElo "1662"]
[BlackElo "1770"]

1. e4 d5 2. exd5 Qxd5 3. Nc3 Qe5+ 4. Be2 Nf6 5. Nf3 Qc5 6. O-O Bd7 7. d4 Qd6 8.
Bc4 Ng4 9. Ne4 Qc6 10. b3 b5 11. d5 Qg6 12. Bd3 Bf5 13. Bxb5+ Kd8 14. Bc6 Nxc6
15. dxc6+ Ke8 16. Nh4 Qxc6 17. Nxf5 Qxe4 18. Ne3 Qe5 19. Ba3 Qxh2# 0-1

[Event "Challenge"]
[Site "http://www.queenalice.com/game.php?id=399607"]
[Date "2008.5.8"]
[Round "-"]
[White "leonard99"]
[Black "danielsaraujo"]
[Result "0-1"]
[WhiteElo "1410"]
[BlackElo "1757"]

1. d4 c6 2. e4 Qa5+ 3. Bd2 Qb6 4. Bc3 g6 5. Na3 Bg7 6. Qe2 Bxd4 7. Nc4 Bxc3+ 8.
Nd2 Qxb2 9. Qd1 Qxa1 10. Qxa1 Bxa1 11. Bd3 Bc3 12. Ne2 Bxd2+ 13. Kxd2 a5 14. a4
b6 15. Nd4 Nf6 16. f3 Ba6 17. Rb1 Bxd3 18. Kxd3 h5 19. Rxb6 Na6 20. Nb3 O-O 21.
Kd2 Nb4 22. c3 Na2 23. e5 Nd5 24. Rb7 Ndxc3 25. Rxd7 Rfd8 26. Rxd8+ Rxd8+ 27.
Kc2 Nxa4 0-1

[Event "Challenge"]
[Site "http://www.queenalice.com/game.php?id=400406"]
[Date "2008.5.9"]
[Round "-"]
[White "chevago04"]
[Black "danielsaraujo"]
[Result "1-0"]
[WhiteElo "1819"]
[BlackElo "1811"]

1. e4 e5 2. Qh5 Qf6 3. Qf3 Qxf3 4. Nxf3 Nf6 5. Nxe5 Nxe4 6. Bd3 Bd6 7. Nxf7 Nxf2
8. Nxd6+ Ke7 9. Nxc8+ Kd8 10. Kxf2 Kxc8 11. Re1 Nc6 12. h3 Nb4 13. Bxh7 b5 14.
Bg6 a5 15. a3 Nd5 16. Nc3 Nf4 17. Re8+ Rxe8 18. Bxe8 c6 19. d3 Nd5 20. Nxd5 cxd5
21. Bf4 Ra6 22. Re1 b4 23. axb4 axb4 24. Be5 g5 25. Bd4 Ra4 26. Bc5 Kc7 27. d4
Ra2 28. Rb1 Ra8 29. Bxd7 Kxd7 30. Bxb4 Ke6 31. Re1+ Kd7 32. Re5 Rb8 33. Ba3 Rc8
34. c3 Rg8 35. Rxd5+ Ke6 36. Re5+ Kf6 37. Be7+ Kg6 38. Rxg5+ Kf7 39. Rxg8 Kxg8
40. d5 1-0

[Event "Challenge"]
[Site "http://www.queenalice.com/game.php?id=400408"]
[Date "2008.5.9"]
[Round "-"]
[White "danielsaraujo"]
[Black "chevago04"]
[Result "0-1"]
[WhiteElo "1808"]
[BlackElo "1799"]

1. e3 d5 2. h3 h5 3. Qf3 Nf6 4. b3 g6 5. Bb2 Bg7 6. Bxf6 Bxf6 7. c3 Nc6 8. e4
Ne5 9. Qe3 b6 10. exd5 Qxd5 11. Nf3 Nxf3+ 12. Qxf3 Qxf3 13. gxf3 Bb7 14. Bg2
O-O-O 15. Na3 Rd3 16. h4 Rhd8 17. O-O-O Bxf3 18. Bxf3 Rxf3 19. Rh2 Be5 20. Rg2
Rh3 21. Nb5 a6 22. Na3 Rxh4 23. Nc4 Rh2 24. Rgg1 Bf6 25. Rde1 Rxf2 26. Ne5 Rdxd2
27. Nf3 Rxa2 28. Rd1 Ra1# 0-1

[Event "Challenge"]
[Site "http://www.queenalice.com/game.php?id=409889"]
[Date "2008.5.29"]
[Round "-"]
[White "orlando"]
[Black "danielsaraujo"]
[Result "1-0"]
[WhiteElo "1346"]
[BlackElo "1759"]

1. g3 e6 2. b3 Qf6 3. Nc3 Bb4 4. Bb2 Bxc3 5. Bxc3 e5 6. Bg2 Nh6 7. e3 O-O 8. Qf3
Qd6 9. h4 Na6 10. Ne2 Nb4 11. Bxb4 Qxb4 12. O-O Qxd2 13. c4 Qd3 14. Rfd1 Qf5 15.
Qxf5 Nxf5 16. e4 Nd6 17. Nc3 f5 18. exf5 Rxf5 19. Nd5 Kf8 20. Nxc7 Rb8 21. Rxd6
g5 22. hxg5 Rxg5 23. Re1 b6 24. Be4 Rh5 25. Re3 Bb7 26. Bxb7 Rxb7 27. Rxd7 Rb8
28. Rf3+ Kg8 29. Ne6 e4 30. Re3 Re5 31. Nd4 Ra8 32. Nc6 Re6 33. Nd4 Rh6 34. Rxe4
Rf8 35. Rxa7 Rhf6 36. f4 h5 37. Ree7 R6f7 38. Rxf7 Rxf7 39. Rxf7 Kxf7 40. Kg2
Ke7 41. Kh3 Kf6 42. Kh4 Kg6 43. b4 Kf6 44. Kxh5 b5 45. cxb5 Ke7 46. g4 Kf7 47.
b6 Ke8 48. b7 Kd7 49. b8=Q Ke7 50. Qb6 Kd7 51. g5 Ke7 52. g6 Kf8 53. Qf6+ Kg8
54. Qf7+ Kh8 55. Qh7# 1-0

[Event "Challenge"]
[Site "http://www.queenalice.com/game.php?id=410083"]
[Date "2008.5.30"]
[Round "-"]
[White "mzambiasi"]
[Black "danielsaraujo"]
[Result "0-1"]
[WhiteElo "1513"]
[BlackElo "1787"]

1. d4 d5 2. Bf4 e6 3. Qd3 Nc6 4. c3 g5 5. Bd2 Nh6 6. Nf3 Be7 7. g3 Qd6 8. h4 g4
9. Nh2 e5 10. Bxh6 Qxh6 11. dxe5 Bf5 12. Qxd5 Be4 13. Nxg4 Bxd5 14. Nxh6 Bxh1
15. f3 Nxe5 16. Ng4 Nxg4 17. fxg4 Be4 18. Nd2 Bc6 19. a4 O-O-O 20. a5 Bc5 21.
Ne4 Bxe4 0-1

[Event "Challenge"]
[Site "http://www.queenalice.com/game.php?id=410605"]
[Date "2008.5.30"]
[Round "-"]
[White "chevago04"]
[Black "danielsaraujo"]
[Result "1-0"]
[WhiteElo "1896"]
[BlackElo "1771"]

1. g3 d5 2. e3 Bd7 3. Bg2 Qc8 4. Bxd5 Bc6 5. Bxc6+ Nxc6 6. Nf3 Qh3 7. Ng5 Qg2 8.
Qf3 Qxf3 9. Nxf3 Nb4 10. Na3 O-O-O 11. d3 Nf6 12. Ne5 Rg8 13. Nxf7 Rd5 14. Bd2
Nc6 15. e4 Rd7 16. Ng5 e5 17. Nc4 Nd4 18. O-O-O Ng4 19. Be3 Bc5 20. Nh3 Rf8 21.
Rdf1 Rdf7 22. Kb1 b6 23. Ng5 Nxe3 24. Nxf7 Nxf1 25. Rxf1 Rxf7 26. Nxe5 Re7 27.
f4 g6 28. c3 Ne2 29. d4 Bd6 30. Re1 Nxd4 31. cxd4 c5 32. Nc4 Bc7 33. dxc5 bxc5
34. e5 Kd7 35. b3 Kc6 36. Rd1 h5 37. Nb2 g5 38. Rc1 gxf4 39. gxf4 h4 40. Nd3 Bb6
41. Nxc5 Bxc5 42. b4 Rg7 43. Rxc5+ Kb6 44. Rc2 Rg1+ 45. Kb2 Rf1 46. e6 Rxf4 47.
Re2 Rf8 48. Kc3 Kc6 49. Kc4 Re8 50. b5+ Kd6 51. a4 Rxe6 52. Rxe6+ Kxe6 53. Kc5
Kd7 54. b6 a6 55. b7 Kc7 56. b8=Q+ Kxb8 57. Kb6 Ka8 58. Kxa6 Kb8 59. h3 Ka8 60.
Kb6 Kb8 61. Kc5 Kc7 62. Kd5 Kb6 63. Ke4 Ka5 64. Kf4 Kxa4 65. Kg4 Kb5 66. Kxh4
Kc5 67. Kg5 Kd6 68. Kf6 Kd7 69. h4 Ke8 70. Kg7 Ke7 71. h5 Ke8 72. h6 Kd7 73. h7
1-0

[Event "Challenge"]
[Site "http://www.queenalice.com/game.php?id=410607"]
[Date "2008.5.30"]
[Round "-"]
[White "danielsaraujo"]
[Black "chevago04"]
[Result "0-1"]
[WhiteElo "1782"]
[BlackElo "1869"]

1. e3 g6 2. g3 d5 3. Bh3 e6 4. Qf3 Qf6 5. Nc3 Bd7 6. b3 Bc6 7. Qxf6 Nxf6 8. Bb2
d4 9. Nb5 Bxb5 10. Bxd4 Bg7 11. Bg2 Bc6 12. Bxc6+ Nxc6 13. Bxf6 Bxf6 14. O-O-O
O-O-O 15. a3 Ne5 16. d4 Ng4 17. Nh3 h6 18. Rd3 h5 19. f3 Nh6 20. Rg1 e5 21. d5
Rd6 22. f4 e4 23. Rd2 Ng4 24. Ng5 Bxg5 25. fxg5 Nxe3 26. Re1 Nxd5 27. Rxe4 Rhd8
28. Ree2 Nc3 29. Re7 Rxd2 30. Rxf7 Rxh2 31. b4 Na4 32. Kb1 Rg2 33. Rf6 Rxg3 34.
Rxg6 Rxa3 35. Rf6 Rd1# 0-1

[Event "mauricio_sm"]
[Site "http://www.queenalice.com/game.php?id=411516"]
[Date "2008.6.1"]
[Round "3"]
[White "danielsaraujo"]
[Black "Macuei"]
[Result "0-1"]
[WhiteElo "1782"]
[BlackElo "2414"]

1. e3 e5 2. b3 Nc6 3. Bb5 a6 4. Bxc6 dxc6 5. Bb2 Nf6 6. Bxe5 Bb4 7. a3 Ba5 8. c4
O-O 9. c5 Ne4 10. b4 Qg5 11. Bg3 Bg4 12. f3 Nxg3 13. hxg3 Bf5 14. g4 Bd3 15.
bxa5 Qe5 16. Qb3 Rfd8 17. Ra2 Qg3+ 18. Kd1 Qxg2 19. Kc1 Qxh1 20. Qd1 Rd5 21. Nc3
Rxc5 22. Rb2 Rb8 23. f4 Qg2 24. Nf3 Be2 25. d3 Rxc3+ 26. Kb1 Bxd1 27. Rxg2 Bxf3
28. Rg3 Bd5 29. f5 b6 30. Kb2 Rc5 31. e4 bxa5+ 32. Ka1 Rc1# 0-1

[Event "Challenge"]
[Site "http://www.queenalice.com/game.php?id=417308"]
[Date "2008.6.14"]
[Round "-"]
[White "danielsaraujo"]
[Black "mzambiasi"]
[Result "0-1"]
[WhiteElo "1780"]
[BlackElo "1556"]

1. e3 d5 2. h3 e5 3. d4 exd4 4. Qxd4 Nc6 5. Qa4 Bd7 6. Qb3 d4 7. Qxb7 Rb8 8. Qa6
dxe3 9. Bxe3 Rxb2 10. Bxa7 Qe7+ 11. Kd1 Qe4 12. Qd3 Qxd3+ 13. Bxd3 Nxa7 14. Nf3
g6 15. Re1+ Ne7 16. Nc3 Bg7 17. Rb1 Bxc3 18. Rxb2 Bxb2 19. Bc4 Bc3 20. Re3 Bf6
21. Ra3 Nec6 22. Ng5 Bxg5 23. Bd5 Be7 24. Bxc6 Bxa3 25. Bxd7+ Kxd7 26. Kd2 Bc5
27. f4 Re8 28. c4 Be3+ 29. Kc3 Bxf4 30. a4 Re3+ 31. Kd4 Kd6 32. h4 Nc6# 0-1

[Event "AUTO-INT-726"]
[Site "http://www.queenalice.com/game.php?id=426385"]
[Date "2008.7.2"]
[Round "2"]
[White "danielsaraujo"]
[Black "koutouzov"]
[Result "0-1"]
[WhiteElo "1760"]
[BlackElo "1801"]

1. e3 e5 2. Bc4 d5 3. Bb3 Nf6 4. d4 e4 5. f3 Bf5 6. g4 Bg6 7. f4 h6 8. f5 Bh7 9.
a3 Be7 10. Nc3 c6 11. Nge2 O-O 12. Nf4 Nbd7 13. Na4 Qc7 14. c4 b5 15. cxb5 cxb5
16. Nc3 Rac8 17. Bxd5 Bxa3 0-1

[Event "AUTO-INT-726"]
[Site "http://www.queenalice.com/game.php?id=426386"]
[Date "2008.7.2"]
[Round "2"]
[White "koutouzov"]
[Black "danielsaraujo"]
[Result "1-0"]
[WhiteElo "1815"]
[BlackElo "1737"]

1. e4 d5 2. exd5 Qxd5 3. Nc3 Qe5+ 4. Qe2 Qf5 5. d3 Nc6 6. Nf3 Be6 7. Be3 O-O-O
8. a3 g5 9. Nxg5 Bg7 10. Nxe6 Qxe6 11. O-O-O Bxc3 12. bxc3 Qa2 13. Qg4+ e6 14.
Qg7 Qxa3+ 15. Kd2 Nge7 16. Be2 Nd5 17. Ra1 1-0

[Event "AUTO-INT-726"]
[Site "http://www.queenalice.com/game.php?id=426387"]
[Date "2008.7.2"]
[Round "2"]
[White "danielsaraujo"]
[Black "Clauceri"]
[Result "0-1"]
[WhiteElo "1724"]
[BlackElo "1923"]

1. e3 e5 2. d4 e4 3. Qg4 d5 4. Qg3 Ne7 5. c4 Be6 6. Nc3 Nf5 7. Qf4 g5 8. Qg4
Nxe3 9. Qe2 Nxc4 10. f3 f5 11. fxe4 fxe4 12. b3 Bb4 13. Bb2 Rf8 14. bxc4 Qf6 15.
cxd5 Qxd4 0-1

[Event "AUTO-INT-726"]
[Site "http://www.queenalice.com/game.php?id=426388"]
[Date "2008.7.2"]
[Round "2"]
[White "Clauceri"]
[Black "danielsaraujo"]
[Result "1-0"]
[WhiteElo "1914"]
[BlackElo "1746"]

1. d4 d6 2. e4 d5 3. exd5 Qxd5 4. Nc3 Qd8 5. Nf3 Bg4 6. Be2 Bxf3 7. Bxf3 c6 8.
d5 c5 9. Qe2 Qa5 10. O-O Nd7 11. Nb5 a6 12. Nd6+ Kd8 13. Nxb7+ Kc8 14. Nxa5 Ra7
15. Nc6 Ra8 16. d6 exd6 17. Qe8+ Kc7 18. Qxa8 Ngf6 19. Qd8+ 1-0

[Event "mauricio_sm"]
[Site "http://www.queenalice.com/game.php?id=436584"]
[Date "2008.7.21"]
[Round "4"]
[White "danielsaraujo"]
[Black "anax"]
[Result "0-1"]
[WhiteElo "1695"]
[BlackElo "1585"]

1. e4 e5 2. Nf3 d6 3. Bc4 Nc6 4. Bb5 Bd7 5. Bxc6 Bxc6 6. d3 h6 7. O-O a6 8. Nc3
Nf6 9. Nh4 Nxe4 10. dxe4 Qxh4 11. g3 Qf6 12. b3 Be7 13. a4 O-O 0-1

[Event "Já perdi a conta do placar !!!"]
[Site "http://www.queenalice.com/game.php?id=496624"]
[Date "2008.11.21"]
[Round "-"]
[White "chevago04"]
[Black "danielsaraujo"]
[Result "0-1"]
[WhiteElo "1870"]
[BlackElo "1675"]

1. g3 c6 2. b3 d5 3. e3 e5 4. Bb2 Bd6 5. f4 f6 6. fxe5 Bxe5 7. Bxe5 fxe5 8. Qh5+
Kf8 9. Qxe5 Nd7 10. Qf4+ Qf6 11. Qxf6+ Ngxf6 12. c4 Ne5 13. Na3 Ke7 0-1